000 00289nam a22001337a 4500
008 210526b ||||| |||| 00| 0 eng d
041 _aeng
080 _a579
082 _a579
100 _a11
101 _aMIK
245 _aMicrobiology for Nurses
_cMartin Frobisher
942 _2udc
_cBK
999 _c57638
_d57638